000 00311cam a2200121 4500
001 3912
010 _a 2010319190
020 _a9788172239220
100 1 _aDesai, Kishwar.
245 1 0 _aWitness the night /
_cKishwar Desai.
260 _aNoida :
_bHarper Collins Publishers India,
_c2010.
300 _a213 p. ;
_c21 cm.
999 _c3191
_d3191